Alrededor de la Luna

Sparad:
Bibliografiska uppgifter
Huvudupphovsman: Verne, Julio (Författare, medförfattare)
Materialtyp: Bok
Språk:spanska
Publicerad: Santiago Andrés Bello 1992
Upplaga:1a. ed
Ämnen:
Taggar: Lägg till en tagg
Inga taggar, Lägg till första taggen!

MARC

LEADER 00000nam a2200000 a 4500
001 UCH8495
003 CL-VaPUC
008 091127e19920400CL |||||||||||||||||spa|d
020 |a 9561310015 
082 0 4 |a 843  |b VER  |2 21 
100 0 |a Verne, Julio  |e author  |9 545073 
245 1 0 |a Alrededor de la Luna 
250 |a 1a. ed 
300 |a 976 p 
942 |c BK 
945 |d 20091127 00:00:00  |a lazolas 
260 |a Santiago  |b Andrés Bello  |c 1992 
500 |a Versión abreviada de M. Rosa Duhart 
500 |a Ilustrraciones de Carlos Rojas Maffioletti 
650 0 |a Novela francesa  |9 264985 
650 0 |a Ciencia ficción   |9 314542 
650 0 |a Literatura fantástica   |9 266050 
583 |a last modification  |c 20091127 00:00:00  |k Rodrigo Vera 
999 |c 338706  |d 338704